00313 a2200133 450000100060000002000220000604000240002810000210005224000320007324500270010530000070013236200090013965000310014847605 a978-85-209-2477-8 cAnchieta - Aquarius aKaskus, Márcia10aO baú do Seu Machadolpor10aO baú do Seu Machado a310 a2010 4aLiteratura infanto-juvenil